000 00999nam a22002657a 4500
005 20170123162332.0
010 _aB-097988
020 _c100.00
_a8182230411
035 _aB-097988
037 _bCen Lib/Ret
040 _aDPL
_bUR
082 _aن
_bن ز ر
100 _aنذر سجّاد حىدر
_9107741
245 _aمذهب اور عشق :
_cنذر سجّاد حىدر ؛ مرتّبه، قرةالعىن حىدر
_bناول /
246 _aMazhab aur ishq : novel /
_bby Nazar Sajjad Hyder ; edited by Qurratul-ain-Hyder
260 _aدہلی
_b ایجوکیشنل پبلشنگ ہاؤس
_c2004
270 _a٣١٠٨، گلی عزیزددیں وکیل کوچہ پنڈت لال کوان
_bدہلی
_e110006
300 _a140p.
_c21cm(Hb)
650 _a ادب - اردو
_9122500
650 _a اردو ناول
_9547
650 _aLiterature -- Urdu
_9122501
650 _aUrdu novel
_9122502
700 _aقرةالعىن حىدر
_913995
942 _2ddc
_cUR
_hن
_mن ز ر
999 _c107903
_d107903